LEADER 00930nam0-2200277 --450 001 9910733575303321 005 20230801084616.0 100 $a20230801d1957----km y0itay50 ba 101 0 $afre 102 $aFR 105 $a 001yy 200 1 $aConspiration pour l'égalité dite de Babeuf$esuivie du procès auquel elle donna lieu, et des pièces justificatives, etc.$fBuonarroti$gpréface par Georges Lefebvre 210 $aParis$cÉditions sociales$d1957 215 $a2 v.$d18 cm 225 1 $a<>classiques du peuple 610 0 $aFilosofia 610 0 $aStoria della filosofia 700 1$aBuonarroti,$bFilippo$f<1761-1837>$0137293 702 1$aLefebvre,$bGeorges$f<1874-1959> 801 0$aIT$bUNINA$gREICAT$2UNIMARC 901 $aBK 912 $a9910733575303321 952 $aF.D.i2-107$bF.D.i2-107$fFI1 959 $aFI1 996 $aConspiration pour l'égalité dite de Babeuf$939920 997 $aUNINA LEADER 01143cam0 2200301 450 001 E600200016471 005 20231220112450.0 010 $a8821720381 100 $a20060302d2004 |||||ita|0103 ba 101 $aita 102 $aIT 200 1 $a<>contratti turistici$ei contratti di viaggio, il contratto di trasporto di persone, i contratti di ospitalità$fFrancesco Morandi$gMichele M.Comenale Pinto$gMariaenza La Torre 210 $aAssago$cIpsoa$d2004 215 $aXII, 541 p.$d24 cm 225 2 $aPratica del diritto civile 410 1$1001LAEC00021962$12001 $a*Pratica del diritto civile 700 1$aMorandi$b, Francesco$3AF00015102$4070$0240676 702 1$aComenale Pinto, Michele M.$3A600200034975$4070 702 1$aLa Torre, Mariaenza$3A600200034976$4070 801 0$aIT$bUNISOB$c20231220$gRICA 850 $aUNISOB 852 $aUNISOB$j340$m128909 912 $aE600200016471 940 $aM 102 Monografia moderna SBN 941 $aM 957 $a340$b005251$gSi$d128909$racquisto$1diguida$2UNISOB$3UNISOB$420060302092804.0$520231220112450.0$6Spinosa 996 $aContratti turistici$91104129 997 $aUNISOB